| 000 | 00882nam a2200253 u 4500 | ||
|---|---|---|---|
| 001 | 63786 | ||
| 005 | 20180714070349.0 | ||
| 008 | 151215s2011 sp r 000 0 spa d | ||
| 020 | _a9788499200910 | ||
| 041 | _aspa | ||
| 082 | 0 |
_a980 _bGUZ |
|
| 100 | 1 |
_aCarriquiry, Guzmán, _eautor |
|
| 245 | 1 | 3 |
_aEl bicentenario de la independencia de los países latinoamericanos : _bayer y hoy / _cGuzmán Carriquiry; prólogo del cardenal Jorge Mario Bergoglio. |
| 250 | _aPrimera edición | ||
| 264 | 1 |
_aEspaña : _bEdiciones Encuentro, _c2011 |
|
| 300 |
_a132 páginas ; _c18 cm. |
||
| 336 |
_atexto _2rdacontent |
||
| 337 |
_asin mediación _2rdamedia |
||
| 338 |
_avolumen _2rdacarrier |
||
| 490 | 0 |
_aLibros de bolsillo _v87 |
|
| 650 | 4 |
_aLatinoamerica _xHistoria |
|
| 650 | 4 | _aGuerra de independencia, 1806-1830 | |
| 700 | 1 |
_aBergoglio, Jorge Mario _eprologuista |
|
| 999 |
_c63786 _d63786 |
||